| 000 | 01219cam a22002054a 4500 | ||
|---|---|---|---|
| 005 | 20250605164008.0 | ||
| 008 | 250528s ||||||||||||||||||||||||d | ||
| 035 | _a15862 | ||
| 020 | _a1556231180 | ||
| 040 |
_aGR-AtMCL _bgre _dGR-AtMCL _eAACR2 |
||
| 245 | 1 | _aMastering Aldus Freehand | |
| 260 |
_bDon Jones-Irwin, _c1989 |
||
| 300 | _a312 | ||
| 520 | _aThis book provides you with a comprehensive look at this powerful software package. Mastering Aldus FreeHand, Computer Graphics - From Freehand to Freehand, An Introduction to Terms and Tools and Menus, A Brief Tour Through Aldus FreeHand, The Creation and Manipulation of Simple Paths, A Sample Project Composed of Simple Elements, Creating Custom Lines and Shapes, The Versatile and Humanizing Freehand Tool, A Sample Project Composed of Custom Paths, Defining Lines and Shapes with Strokes and Fills, Path Evaluation Means and Modes, The Creation and Manipulation of Text, The Color Capabilities of Aldus FreeHand, Printing to a PostScript Output Device, Aldus FreeHand and the PostScript Language, Glossary of Terms, Index. | ||
| 700 | 1 |
_aDanuloff Craig _91882 |
|
| 700 | 1 |
_aMcclelland Deke _91883 |
|
| 942 | _cBK | ||
| 999 |
_c1411 _d1411 |
||